Statistics for Countries with similar names

Click here to take the quiz!

General Stats

  • This quiz has been taken 42 times
  • The average score is 14 of 19

Answer Stats

CountryCountry with similar name% Correct
AustriaAustralia
100%
IranIraq
100%
SloveniaSlovakia
100%
North KoreaSouth Korea
92%
ParaguayUruguay
89%
NigerNigeria
87%
SudanSouth Sudan
87%
IcelandIreland
84%
GuineaEquatorial Guinea
79%
KazakhstanKyrgyzstan
79%
DominicaDominican Republic
76%
TogoTonga
74%
MauritiusMauritania
71%
PakistanAfghanistan
71%
TurkmenistanUzbekistan
71%
MoroccoMonaco
58%
ZambiaGambia
53%
Republic of the CongoDemocratic Republic of Congo
50%
BoliviaBelize
18%

Score Distribution

Percentile by Number Answered

Percent of People with Each Score

Your Score History

You have not taken this quiz